LEADER 02956nas 2200673-a 450 001 996215494603316 005 20230522213016.0 011 $a1551-6865 035 $a(DE-599)ZDB2182650-X 035 $a(OCoLC)56081299 035 $a(CKB)1000000000021295 035 $a(CONSER)--2004213230 035 $a(EXLCZ)991000000000021295 100 $a20040803a20059999 s-- a 101 0 $aeng 135 $aurcnu|||||||| 181 $ctxt$2rdacontent 182 $cc$2rdamedia 183 $acr$2rdacarrier 200 10$aACM transactions on multimedia computing, communications and applications 210 $aNew York, N.Y. $cAssociation for Computing Machinery$d2005- 300 $aRefereed/Peer-reviewed 300 $aTitle from journal home page (ACM Web site, viewed Apr. 18, 2005). 311 $a1551-6857 330 $a"Focuses on multimedia computing (I/O devices, OS, storage systems, streaming media middleware, continuous media representations, media coding, media processing, etc.), multimedia communications (real-time protocols, end-to-end streaming media, resource allocation, multicast protocols, etc.), and multimedia applications (databases, distributed collaboration, video conferencing, 3D virtual environments, etc.)." 517 3 $aTransactions on multimedia computing, communications and applications 517 3 $aAssociation for Computing Machinery transactions on multimedia computing, communications and applications 517 3 $aTOMCCAP 531 $aACM TRANSACTIONS ON MULTIMEDIA COMPUTING, COMMUNICATIONS, AND APPLICATIONS 531 $aACM T MULTIM COMPUT 531 $aACM TRANS. MULTIMEDIA COMPUT. COMMUN. APPL 531 $aACM TRANS. MULTIMED. COMPUT. COMMUN. APPL 531 0 $aACM transactions on multimedia computing, communications and applications 606 $aMultimedia systems$vPeriodicals 606 $aMultimedia communications$vPeriodicals 606 $aMultimédia$vPériodiques 606 $aRéseaux multimédias$vPériodiques 606 $aMultimedia communications$2fast$3(OCoLC)fst01028918 606 $aMultimedia systems$2fast$3(OCoLC)fst01028920 606 $aMultimédia$2rasuqam 606 $aRéseau multimédia$2rasuqam 608 $aPeriodicals.$2fast 608 $aRessource Internet (Descripteur de forme)$2rasuqam 608 $aPériodique électronique (Descripteur de forme)$2rasuqam 610 $aComputer Science 615 0$aMultimedia systems 615 0$aMultimedia communications 615 6$aMultimédia 615 6$aRéseaux multimédias 615 7$aMultimedia communications. 615 7$aMultimedia systems. 615 7$aMultimédia. 615 7$aRéseau multimédia. 676 $a006.7 712 02$aAssociation for Computing Machinery. 906 $aJOURNAL 912 $a996215494603316 996 $aACM Transactions on multimedia computing, communications and applications$91112777 997 $aUNISA LEADER 03706nam 22007695 450 001 9910483270503321 005 20240322051259.0 010 $z9783030717438$b(print) 010 $a9783030717445$b(electronic bk.) 010 $a3030717445 024 7 $a10.1007/978-3-030-71744-5 035 $a(CKB)4100000011918786 035 $a(MiAaPQ)EBC6607692 035 $a(Au-PeEL)EBL6607692 035 $a(OCoLC)1251448692 035 $a(DE-He213)978-3-030-71744-5 035 $a(MiFhGG)9783030717445 035 $a(EXLCZ)994100000011918786 100 $a20210508d2021 u| 0 101 0 $aeng 135 $auraz#---auuuu 181 $ctxt$2rdacontent 182 $cc$2rdamedia 183 $acr$2rdacarrier 200 10$aGirls in Contemporary Vampire Fiction /$fby Agnieszka Stasiewicz-Bie?kowska 205 $a1st ed. 2021. 210 1$aCham :$cSpringer International Publishing :$cImprint: Palgrave Macmillan,$d2021. 215 $a1 online resource (xi, 277 pages) $cillustrations 225 1 $aPalgrave Gothic,$x2634-6222 311 08$a9783030717438 311 08$a3030717437 320 $aIncludes bibliographical references and index. 327 $aChapter 1 Introduction: Vampire Fiction, Girls and Shame -- Chapter 2 Writing (on) Girls' Bodies: Vampires and Embodied Girlhood -- Chapter 3 A Love So Strong That It Aches: (Re-)Writing Vampire Romance -- Chapter 4 Pangs of Pleasure, Pangs of Guilt: Girls, Sexuality and Desire -- Chapter 5 Save Your Butt from Getting Raped: Girls, Vampires, Violence -- Chapter 6 Biting into Books: Supernatural Schoolgirls and Academic Performance -- Chapter 7 Conclusion. 330 $aThis book explores the narratives of girlhood in contemporary YA vampire fiction, bringing into the spotlight the genre's radical, ambivalent, and contradictory visions of young femininity. Agnieszka Stasiewicz-Bie?kowska considers less-explored popular vampire series for girls, particularly those by P.C. and Kristin Cast and Richelle Mead, tracing the ways in which they engage in larger cultural conversations on girlhood in the Western world. Mapping the interactions between girl and vampire corporealities, delving into the unconventional tales of vampire romance and girl sexual expressions, examining the narratives of women and violence, and venturing into the uncanny vampire classroom to unmask its critique of present-day schooling, the volume offers a new perspective on the vampire genre and an engaging insight into the complexities of growing up a girl. 410 0$aPalgrave Gothic,$x2634-6222 606 $aFiction 606 $aChildren's literature 606 $aGoth culture (Subculture) 606 $aLiterature, Modern$y20th century 606 $aLiterature, Modern$y21st century 606 $aYouth$xSocial life and customs 606 $aFiction Literature 606 $aChildren's Literature 606 $aGothic Studies 606 $aContemporary Literature 606 $aYouth Culture 615 0$aFiction. 615 0$aChildren's literature. 615 0$aGoth culture (Subculture) 615 0$aLiterature, Modern 615 0$aLiterature, Modern 615 0$aYouth$xSocial life and customs. 615 14$aFiction Literature. 615 24$aChildren's Literature. 615 24$aGothic Studies. 615 24$aContemporary Literature. 615 24$aYouth Culture. 676 $a813.409352352 676 $a809.93375 700 $aStasiewicz-Bien?kowska$b Agnieszka$0943589 801 0$bMiAaPQ 801 1$bMiAaPQ 801 2$bMiAaPQ 906 $aBOOK 912 $a9910483270503321 996 $aGirls in contemporary vampire fiction$92129725 997 $aUNINA